Loading...
Other - Pop Culture | 1 | 3 | 0 | 0 | 45 | 18 | 98.50 | 2 | 4 |
Arts - Painting | 1 | 3 | 0 | 1 | 45 | 79 | 109.75 | 1 | 3 |
Arts - Other Arts | 3 | 0 | 1 | 0 | 40 | 30 | 44.00 | 3 | 3 |
Other - Other Academic | 0 | 4 | 0 | 2 | 40 | 85 | 106.00 | 1 | 4 |
Thought - Social Science | 0 | 3 | 0 | 1 | 30 | 125 | 130.00 | 0 | 2 |
History - Euro History | 0 | 3 | 0 | 1 | 30 | 99 | 105.33 | 0 | 2 |
Other - Geo/CE | 0 | 3 | 1 | 2 | 25 | 73 | 117.33 | 0 | 1 |
Arts - Music | 0 | 2 | 0 | 0 | 20 | 128 | 129.00 | 0 | 0 |
Literature - World Lit | 0 | 2 | 0 | 1 | 20 | 117 | 129.00 | 0 | 1 |
Science - Other Science | 1 | 0 | 0 | 0 | 15 | 52 | 52.00 | 1 | 1 |
Literature - American Lit | 0 | 1 | 0 | 0 | 10 | 126 | 126.00 | 0 | 1 |
History - World History | 0 | 1 | 0 | 0 | 10 | 78 | 78.00 | 0 | 1 |
History - Other History | 0 | 1 | 0 | 1 | 10 | 128 | 128.00 | 0 | 1 |
Thought - Philosophy | 0 | 1 | 0 | 0 | 10 | 114 | 114.00 | 0 | 1 |
Beliefs - Religion | 0 | 1 | 0 | 1 | 10 | 133 | 133.00 | 0 | 1 |